Boston Celtics - Tous les joueurs de l’équipe - Statistiques

Statistiques générales
  • Ce quiz a été pris 13 fois
    7 depuis la dernière actualisation
  • Le résultat moyen est 6 sur 13
Statistiques - réponses
Réponse % Correct
Jaylen Brown
100%
Jayson Tatum
100%
Derrick White
86%
Payton Pritchard
86%
Jordan Walsh
57%
Luka Garza
43%
Neemias Queta
43%
Sam Hauser
43%
Hugo Gonzáles
29%
Nikola Vučević
29%
Baylor Sheierman
14%
Charles Bassey
0%
Max Shulga
0%
Aucun quiz correspondant
Distribution des résultats
% des personnes avec chaque résultat
Percentile par nombre de réponses
Votre historique - résultats
Vous n’avez pas pris ce quiz depuis la dernière actualisation